Những lời bàn về tiểu thuyết trong văn học Việt Nam từ đầu thế kỷ XX đến năm 1945

Sưu tập các bài viết của: Nguyễn Văn Ngọc, Thiếu Sơn, Hoàng Ngọc Phách, Nguyễn Công Hoan, Khái Hưng, Nhất Linh [ Viết và đọc tiểu thuyết ], Thạch Lam, Vũ Đình Long, Vũ Trọng Phụng, Vũ Ngọc Phan, Vũ Bằng [ Khảo luận về tiểu thuyết ], Lưu Trọng Lu...

Description complète

Enregistré dans:
Détails bibliographiques
Format: Livre
Langue:Undetermined
Publié: Hà Nội Hội nhà văn 2000
Sujets:
Tags: Ajouter un tag
Pas de tags, Soyez le premier à ajouter un tag!
Thư viện lưu trữ: Trung tâm Học liệu Trường Đại học Cần Thơ
LEADER 01070nam a2200181Ia 4500
001 CTU_39423
008 210402s9999 xx 000 0 und d
082 |a 808.3 
082 |b Nh556 
245 0 |a Những lời bàn về tiểu thuyết trong văn học Việt Nam từ đầu thế kỷ XX đến năm 1945 
245 0 |c Vương Trí Nhàn sưu tầm và biên soạn 
260 |a Hà Nội 
260 |b Hội nhà văn 
260 |c 2000 
520 |a Sưu tập các bài viết của: Nguyễn Văn Ngọc, Thiếu Sơn, Hoàng Ngọc Phách, Nguyễn Công Hoan, Khái Hưng, Nhất Linh [ Viết và đọc tiểu thuyết ], Thạch Lam, Vũ Đình Long, Vũ Trọng Phụng, Vũ Ngọc Phan, Vũ Bằng [ Khảo luận về tiểu thuyết ], Lưu Trọng Lư, Như Phong, Hải Triều, Phạm Quỳnh [ Khảo luận về tiểu thuyết ] 
650 |a Fiction, theory of 
904 |i Trọng Hải 
980 |a Trung tâm Học liệu Trường Đại học Cần Thơ